[Event "Chengdu WGP 2016"]
[Site "Chengdu CHN"]
[Date "2016.07.02"]
[Round "1.2"]
[White "Khotenashvili, Bela"]
[Black "Koneru, Humpy"]
[Result "1/2-1/2"]
[WhiteTitle "GM"]
[BlackTitle "GM"]
[WhiteElo "2454"]
[BlackElo "2575"]
[WhiteFideId "13602640"]
[BlackFideId "5008123"]
[EventDate "2016.07.02"]

1. d4 Nf6 2. c4 e6 3. g3 d5 4. Nf3 Be7 5. Bg2 O-O 6. O-O c6 7. Qc2 b6 8. Nbd2
Bb7 9. e4 Na6 10. a3 c5 11. exd5 exd5 12. dxc5 Nxc5 13. b4 Ne6 14. Bb2 dxc4 15.
Rfd1 c3 16. Qxc3 a5 17. bxa5 Rxa5 18. Nc4 Rd5 19. Ne3 Ne4 20. Rxd5 Bxd5 21. Qc2
Bb7 22. Rd1 Qa8 23. Ne5 Rc8 24. Qb3 N4c5 25. Bxb7 Qxb7 26. Qd5 Rd8 27. Qxb7
Rxd1+ 28. Nxd1 Nxb7 29. Ne3 Bc5 30. Nd5 Nd6 31. a4 f6 32. Nd7 Nc4 33. Bc3 Kf7
34. Kf1 Ke8 35. Nb8 Bd6 36. Na6 Kd7 37. Ke2 Kc6 38. Nab4+ Bxb4 39. Nxb4+ Kd6 40.
Nd3 Kd5 41. Nb4+ Kd6 42. Nd3 Kd5 43. Nb4+ 1/2-1/2

[Event "Chengdu WGP 2016"]
[Site "Chengdu CHN"]
[Date "2016.07.02"]
[Round "1.4"]
[White "Girya, Olga"]
[Black "Cramling, Pia"]
[Result "1/2-1/2"]
[WhiteTitle "WGM"]
[BlackTitle "GM"]
[WhiteElo "2444"]
[BlackElo "2463"]
[WhiteFideId "4195752"]
[BlackFideId "1700030"]
[EventDate "2016.07.02"]

1. d4 d5 2. c4 dxc4 3. Nf3 e6 4. e3 b5 5. a4 b4 6. Bxc4 Nf6 7. O-O Be7 8. Qe2
Bb7 9. Rd1 O-O 10. Nbd2 c5 11. b3 cxd4 12. Nxd4 Nbd7 13. Bb2 Qb8 14. Bb5 Rc8 15.
Nc4 Nc5 16. Na5 Qc7 17. Nxb7 Qxb7 18. Qf3 Nfe4 19. Rac1 a6 20. Bc4 Bf6 21. Rc2
Rc7 22. Rdc1 Rac8 23. g3 h6 24. Bf1 Qb6 25. Qe2 g6 26. Bh3 Bg7 27. Bf1 Kh7 28.
h4 h5 29. Bh3 Kg8 30. Kh2 Kh7 31. Kg1 Kg8 1/2-1/2

[Event "Chengdu WGP 2016"]
[Site "Chengdu CHN"]
[Date "2016.07.02"]
[Round "1.5"]
[White "Tan, Zhongyi"]
[Black "Harika, Dronavalli"]
[Result "0-1"]
[WhiteTitle "WGM"]
[BlackTitle "GM"]
[WhiteElo "2495"]
[BlackElo "2526"]
[WhiteFideId "8603642"]
[BlackFideId "5015197"]
[EventDate "2016.07.02"]

1. d4 d5 2. c4 e6 3. Nc3 c6 4. Nf3 Nf6 5. cxd5 exd5 6. Bg5 Be7 7. Qc2 Nbd7 8. e3
Nh5 9. Bxe7 Qxe7 10. h3 g6 11. Be2 Ng7 12. Bd3 Nf6 13. g4 Be6 14. Ne5 Nd7 15.
O-O-O O-O 16. f4 f5 17. h4 Nxe5 18. dxe5 Qc5 19. h5 Qxe3+ 20. Kb1 fxg4 21. hxg6
h5 22. Ne2 c5 23. Qc1 Qxc1+ 24. Rxc1 c4 25. Bc2 Rad8 26. Rcd1 d4 27. Nxd4 Rxf4
28. Ne2 Rxd1+ 29. Rxd1 Rf2 30. Ng3 Kf8 31. Ne4 Re2 32. Kc1 Ke7 33. Rf1 Bf5 34.
Kd1 Rxc2 35. Ng3 Bxg6 36. Rf6 Bd3 0-1

[Event "Chengdu WGP 2016"]
[Site "Chengdu CHN"]
[Date "2016.07.02"]
[Round "1.6"]
[White "Javakhishvili, Lela"]
[Black "Ju, Wenjun"]
[Result "1/2-1/2"]
[WhiteTitle "IM"]
[BlackTitle "GM"]
[WhiteElo "2487"]
[BlackElo "2578"]
[WhiteFideId "13601458"]
[BlackFideId "8603006"]
[EventDate "2016.07.02"]

1. d4 Nf6 2. c4 e6 3. Nf3 d5 4. Nc3 dxc4 5. e4 Bb4 6. Bxc4 Nxe4 7. O-O Nf6 8.
Qa4+ Nc6 9. Bg5 Be7 10. Bxf6 Bxf6 11. d5 exd5 12. Rfe1+ Be6 13. Ba6 bxa6 14.
Qxc6+ Kf8 15. Rad1 Rb8 16. Nxd5 Qd6 17. Qxd6+ cxd6 18. Nxf6 gxf6 19. b3 Ke7 20.
Nd4 Kd7 21. Re4 Rbc8 22. Rf4 Ke7 23. Re1 a5 24. Rf5 Rc5 25. Rxc5 dxc5 26. Nc6+
Kd6 27. Nxa5 Kc7 28. Kf1 Rd8 29. Nc4 Rd4 30. Nb2 Kc6 31. f3 Kb5 32. Ke2 a5 33.
Rc1 1/2-1/2

[Event "Chengdu WGP 2016"]
[Site "Chengdu CHN"]
[Date "2016.07.03"]
[Round "2.1"]
[White "Muzychuk, Mariya"]
[Black "Ju, Wenjun"]
[Result "1/2-1/2"]
[WhiteTitle "GM"]
[BlackTitle "GM"]
[WhiteElo "2545"]
[BlackElo "2578"]
[WhiteFideId "14114550"]
[BlackFideId "8603006"]
[EventDate "2016.07.02"]

1. e4 e5 2. Nf3 Nf6 3. Nxe5 d6 4. Nf3 Nxe4 5. d4 d5 6. Bd3 Nc6 7. O-O Be7 8. Nc3
Nxc3 9. bxc3 Bg4 10. Rb1 Rb8 11. Re1 O-O 12. c4 dxc4 13. Bxc4 b5 14. Bf1 Bxf3
15. Qxf3 Nxd4 16. Qg4 c5 17. c3 Ne6 18. Rxb5 Rxb5 19. Bxb5 Bf6 20. Qc4 Qa5 21.
Bb2 Rd8 22. Ba4 h6 23. Bb3 Rd6 24. h3 Qd8 25. Qg4 Qd7 26. Qf5 Qc6 27. Re3 Qb6
28. Ba3 Qc7 29. Rg3 Qd8 30. Bxc5 Nxc5 31. Qxc5 Rd7 32. Qf5 Re7 33. Rd3 Qc7 34.
g3 Bxc3 35. Qf3 Ba5 36. Kg2 Bb6 37. Rc3 Qd7 38. Bc2 g6 39. Bb3 Kg7 40. Rd3 Qb7 1/2-1/2

[Event "Chengdu WGP 2016"]
[Site "Chengdu CHN"]
[Date "2016.07.03"]
[Round "2.2"]
[White "Harika, Dronavalli"]
[Black "Javakhishvili, Lela"]
[Result "1-0"]
[WhiteTitle "GM"]
[BlackTitle "IM"]
[WhiteElo "2526"]
[BlackElo "2487"]
[WhiteFideId "5015197"]
[BlackFideId "13601458"]
[EventDate "2016.07.02"]

1. e4 c5 2. Nf3 Nc6 3. d4 cxd4 4. Nxd4 e6 5. Nc3 a6 6. Be2 d6 7. O-O Nf6 8. Be3
Be7 9. f4 O-O 10. a4 Bd7 11. Nb3 Na5 12. e5 Ne8 13. Nxa5 Qxa5 14. Ne4 Qc7 15. a5
d5 16. Bb6 Qc6 17. Ng5 Bc5+ 18. Bxc5 Qxc5+ 19. Kh1 f6 20. Nf3 Qb4 21. Qc1 b6 22.
c3 Qc5 23. b4 Qc7 24. Qe3 b5 25. Nd4 g6 26. Rac1 Ng7 27. g4 Rf7 28. Kg1 Raf8 29.
Rf3 g5 30. exf6 gxf4 31. Qxf4 Qxf4 32. Rxf4 Rxf6 33. Rxf6 Rxf6 34. Bf3 Rg6 35.
Kf2 Kf7 36. Re1 Kf6 37. Nb3 Bc8 38. Nc5 h6 39. Nd3 h5 40. gxh5 Rh6 41. Rg1 Nf5
42. Rg8 Ne7 43. Rf8+ Kg7 44. Re8 Kf6 45. Nf4 Bb7 46. Rb8 Bc6 47. Rb6 Kf5 48. Ng6
Nxg6 49. hxg6 Be8 50. g7 Bf7 51. Rxa6 Rxh2+ 52. Bg2 Rh7 53. Rb6 Rxg7 54. a6 Rg8
55. Bf1 Rc8 56. Bxb5 Be8 57. a7 Ra8 58. Bxe8 Rxa7 59. Ke3 e5 60. Bg6+ Kg5 61.
Bc2 Rc7 62. Kd2 d4 63. cxd4 exd4 64. Bd3 Kf4 65. Re6 1-0

[Event "Chengdu WGP 2016"]
[Site "Chengdu CHN"]
[Date "2016.07.03"]
[Round "2.3"]
[White "Cramling, Pia"]
[Black "Tan, Zhongyi"]
[Result "1/2-1/2"]
[WhiteTitle "GM"]
[BlackTitle "WGM"]
[WhiteElo "2463"]
[BlackElo "2495"]
[WhiteFideId "1700030"]
[BlackFideId "8603642"]
[EventDate "2016.07.02"]

1. Nf3 Nf6 2. c4 e6 3. Nc3 d5 4. d4 Bb4 5. Qb3 c5 6. dxc5 Nc6 7. Bg5 O-O 8. e3
dxc4 9. Qxc4 Qa5 10. Bxf6 gxf6 11. Rc1 Qxc5 12. Qh4 Qf5 13. Be2 Bxc3+ 14. bxc3
e5 15. O-O Be6 16. Bd1 Qg6 17. Bc2 Bf5 18. Bb3 Bd3 19. Rfe1 Be4 20. Qh3 Bf5 21.
Qh4 Be4 22. Qh3 Bf5 23. Qh4 Be4 1/2-1/2

[Event "Chengdu WGP 2016"]
[Site "Chengdu CHN"]
[Date "2016.07.03"]
[Round "2.5"]
[White "Koneru, Humpy"]
[Black "Zhao, Xue"]
[Result "1-0"]
[WhiteTitle "GM"]
[BlackTitle "GM"]
[WhiteElo "2575"]
[BlackElo "2510"]
[WhiteFideId "5008123"]
[BlackFideId "8601283"]
[EventDate "2016.07.02"]

1. Nf3 d5 2. d4 Nf6 3. c4 e6 4. Nc3 Bb4 5. Bg5 h6 6. Bxf6 Qxf6 7. e3 O-O 8. Rc1
Qd8 9. Qb3 Ba5 10. Bd3 c6 11. O-O Nd7 12. Rfd1 Qe7 13. a3 Nf6 14. Qc2 Bc7 15. h3
Bd7 16. Ne5 Rad8 17. Qe2 Bc8 18. Bb1 c5 19. cxd5 exd5 20. f4 a6 21. Qf3 Rfe8 22.
Ba2 cxd4 23. exd4 Bb6 24. Bxd5 Be6 25. Bxb7 Rxd4 26. Kh1 Rxf4 27. Qxf4 Qxb7 28.
Qf3 Qc7 29. Nd3 Qb8 30. Nf4 Bb3 31. Re1 Rd8 32. Ne4 Nxe4 33. Rxe4 Ba5 34. Re3
Ba4 35. b4 Bb6 36. Rd3 Re8 37. Nd5 Bb5 38. Rd2 Bd8 39. Rf2 Bh4 40. Qxf7+ Kh8 41.
Rc7 Re1+ 42. Kh2 Be7 43. g3 Be8 44. Qf4 1-0

[Event "Chengdu WGP 2016"]
[Site "Chengdu CHN"]
[Date "2016.07.04"]
[Round "3.1"]
[White "Khotenashvili, Bela"]
[Black "Muzychuk, Mariya"]
[Result "1-0"]
[WhiteTitle "GM"]
[BlackTitle "GM"]
[WhiteElo "2454"]
[BlackElo "2545"]
[WhiteFideId "13602640"]
[BlackFideId "14114550"]
[EventDate "2016.07.02"]

1. Nf3 c5 2. c4 g6 3. d4 cxd4 4. Nxd4 Bg7 5. e4 Nc6 6. Nc2 Nf6 7. Nc3 d6 8. Be2
O-O 9. Be3 Be6 10. f3 Rc8 11. Qd2 Nd7 12. Rc1 a6 13. O-O Qa5 14. b4 Qd8 15. Nd5
f5 16. b5 Nce5 17. Nd4 Nc5 18. Nxe6 Nxe6 19. Nb6 Rc5 20. exf5 gxf5 21. Bxc5 Nxc5
22. Nd5 e6 23. Nb4 a5 24. Nc2 b6 25. Rcd1 Nf7 26. Nd4 Qf6 27. f4 Bh6 28. Qe3 Kh8
29. Qf3 Ne4 30. Nc6 Rg8 31. Bd3 Nc5 32. Be2 Qb2 33. Nd4 Rg6 34. Qe3 Ne4 35. Qb3
Qxb3 36. axb3 e5 37. Nxf5 Bxf4 38. Bd3 Nc3 39. Ra1 Rg5 40. g3 Kg8 41. h4 Rg4 42.
Kh2 e4 43. Bxe4 Bxg3+ 44. Nxg3 Nxe4 45. Nxe4 Rxh4+ 46. Kg3 Rxe4 47. Rae1 Ng5 48.
Rxe4 Nxe4+ 49. Kf4 Nc5 50. Rd1 Nb7 51. Ke4 Nc5+ 52. Kd5 Nxb3 53. Kc6 a4 54. Kxb6
a3 55. Kc7 Na5 56. b6 1-0

[Event "Chengdu WGP 2016"]
[Site "Chengdu CHN"]
[Date "2016.07.04"]
[Round "3.3"]
[White "Girya, Olga"]
[Black "Koneru, Humpy"]
[Result "0-1"]
[WhiteTitle "WGM"]
[BlackTitle "GM"]
[WhiteElo "2444"]
[BlackElo "2575"]
[WhiteFideId "4195752"]
[BlackFideId "5008123"]
[EventDate "2016.07.02"]

1. d4 Nf6 2. c4 e6 3. Nc3 Bb4 4. Qc2 O-O 5. e4 d5 6. e5 Ne4 7. Bd3 c5 8. Nf3
cxd4 9. Nxd4 Nd7 10. Bf4 Ndc5 11. O-O Bxc3 12. bxc3 Bd7 13. Be2 Na4 14. cxd5
exd5 15. Bd3 Nac5 16. f3 Nxd3 17. Qxd3 Nc5 18. Qe3 Ne6 19. Rab1 b6 20. Bg3 Nxd4
21. Qxd4 Rc8 22. Rfd1 Be6 23. Rb4 Rc5 24. Qd3 Qc7 25. Rc1 Rc8 26. Ra4 b5 27. Rb4
Qa5 28. Qb1 a6 29. Be1 Qc7 30. f4 Qd7 31. Rd4 Bf5 32. Qb2 Be4 33. Bf2 R5c6 34.
Rd2 Qg4 35. Be3 h5 36. Rf2 Rc4 37. a3 a5 38. Qe2 d4 39. Bd2 Qxe2 40. Rxe2 Bd3
41. Ree1 dxc3 42. Be3 b4 0-1

[Event "Chengdu WGP 2016"]
[Site "Chengdu CHN"]
[Date "2016.07.04"]
[Round "3.5"]
[White "Javakhishvili, Lela"]
[Black "Cramling, Pia"]
[Result "1/2-1/2"]
[WhiteTitle "IM"]
[BlackTitle "GM"]
[WhiteElo "2487"]
[BlackElo "2463"]
[WhiteFideId "13601458"]
[BlackFideId "1700030"]
[EventDate "2016.07.02"]

1. d4 d5 2. c4 e6 3. Nf3 dxc4 4. Na3 Nf6 5. Nxc4 c5 6. e3 Nc6 7. Nce5 Nxe5 8.
dxe5 Qxd1+ 9. Kxd1 Ng4 10. Bb5+ Bd7 11. Bxd7+ Kxd7 12. Ke2 f6 13. Rd1+ Kc6 14.
exf6 gxf6 15. b4 b6 16. bxc5 bxc5 17. h3 Ne5 18. Nxe5+ fxe5 19. Bb2 Bd6 20. Rd2
Rhg8 21. g3 Rg7 22. Rad1 Bc7 23. Rc1 Rb8 24. Rc4 Rb4 25. Rxb4 cxb4 26. Kf3 h5
27. Rc2+ Kb6 28. Ke4 Rg5 29. a3 a5 30. a4 Bd6 31. Rc8 Kb7 32. Re8 Rg6 33. Rh8
Rg7 34. Rxh5 Rc7 35. Bxe5 Rc5 36. Rh7+ Kc6 37. Bxd6 Kxd6 38. f4 Kc6 39. Rh8 Kc7
40. Rh7+ Kc6 41. Rh8 Kc7 42. Rh7+ 1/2-1/2

[Event "Chengdu WGP 2016"]
[Site "Chengdu CHN"]
[Date "2016.07.04"]
[Round "3.6"]
[White "Ju, Wenjun"]
[Black "Harika, Dronavalli"]
[Result "1/2-1/2"]
[WhiteTitle "GM"]
[BlackTitle "GM"]
[WhiteElo "2578"]
[BlackElo "2526"]
[WhiteFideId "8603006"]
[BlackFideId "5015197"]
[EventDate "2016.07.02"]

1. d4 d5 2. c4 e6 3. Nf3 Nf6 4. Nc3 c6 5. e3 a6 6. c5 Nbd7 7. b4 Qe7 8. Bb2 g6
9. Bd3 Bg7 10. O-O O-O 11. Na4 Rb8 12. Qd2 Ne8 13. e4 dxe4 14. Bxe4 Nef6 15. Bd3
Nd5 16. a3 Qd8 17. Rfe1 Qc7 18. g3 Ra8 19. Rac1 Rd8 20. Re2 Ra7 21. h4 a5 22. b5
cxb5 23. Bxb5 Nb8 24. Nc3 Nxc3 25. Qxc3 Bd7 26. a4 Nc6 27. Qc4 Raa8 28. Rd1 Ne7
29. Bc1 Bc6 30. Bf4 Qd7 31. Ne5 Qd5 32. Qxd5 Rxd5 33. Bc4 Rdd8 34. Bg5 Bxe5 35.
Rxe5 Rd7 36. Bxe7 Rxe7 37. Bb5 Rd7 38. Re3 Rad8 39. Bxc6 bxc6 40. Rb3 Rxd4 41.
Rxd4 Rxd4 42. Rb6 Rxa4 43. Rxc6 Rc4 44. Rc8+ Kg7 45. c6 Kf6 46. Ra8 Rxc6 47.
Rxa5 Rc4 48. Kg2 h5 49. Ra7 Rc8 50. Rb7 Re8 51. Ra7 Re7 52. Ra6 Rb7 53. Rc6 Kf5
54. Rc5+ e5 55. Ra5 f6 56. Rc5 Rd7 57. Ra5 Rd2 58. Rb5 Ke6 59. Rb6+ Rd6 60. Rb4
Ra6 61. Rc4 Kd5 62. Rb4 e4 63. Rb8 Rc6 64. Rg8 f5 65. Ra8 Rd6 66. Ra4 Ke5 67.
Kf1 Rc6 68. Kg2 Rd6 69. Kf1 Rf6 70. Ra5+ Kd4 71. Ra4+ Kd3 72. Ra3+ Kd2 73. Ra2+
Kc3 74. Ke2 Rd6 75. Ke3 Rd3+ 76. Ke2 Rd6 77. Ke3 Rd3+ 78. Ke2 Rd6 1/2-1/2

[Event "Chengdu WGP 2016"]
[Site "Chengdu CHN"]
[Date "2016.07.05"]
[Round "4.1"]
[White "Khotenashvili, Bela"]
[Black "Zhao, Xue"]
[Result "1/2-1/2"]
[WhiteTitle "GM"]
[BlackTitle "GM"]
[WhiteElo "2454"]
[BlackElo "2510"]
[WhiteFideId "13602640"]
[BlackFideId "8601283"]
[EventDate "2016.07.02"]

1. d4 Nf6 2. c4 e6 3. g3 Bb4+ 4. Bd2 c5 5. Bxb4 cxb4 6. Bg2 O-O 7. e4 d6 8. Ne2
e5 9. O-O Qb6 10. h3 Re8 11. Qd3 Nc6 12. d5 Nb8 13. a3 Na6 14. Qb3 Bd7 15. Nd2
Rec8 16. Kh2 bxa3 17. Qxa3 Nb4 18. Rac1 Be8 19. Bf3 a5 20. Bg4 Nxg4+ 21. hxg4 f6
22. Kg2 Na6 23. Ra1 Nc5 24. Rfc1 Ra6 25. Ra2 a4 26. Qf3 Bd7 27. Rc3 Qd8 28. Nc1
Qe8 29. Qd1 b5 30. cxb5 Bxb5 31. b4 axb3 32. Rxa6 Bxa6 33. Ncxb3 Nd3 34. Rxc8
Qxc8 35. Qa1 h6 36. f3 Qb7 37. Qg1 Qc7 38. Qa1 Qb7 39. Qg1 Bb5 40. Nc1 Nb4 41.
Ncb3 Qc7 42. Qa1 Qc2 43. Qa5 Qd3 44. Qxb4 Qe2+ 45. Kg1 Qe1+ 46. Kh2 Qf2+ 47. Kh1
Qe1+ 48. Kh2 1/2-1/2

[Event "Chengdu WGP 2016"]
[Site "Chengdu CHN"]
[Date "2016.07.05"]
[Round "4.2"]
[White "Cramling, Pia"]
[Black "Ju, Wenjun"]
[Result "0-1"]
[WhiteTitle "GM"]
[BlackTitle "GM"]
[WhiteElo "2463"]
[BlackElo "2578"]
[WhiteFideId "1700030"]
[BlackFideId "8603006"]
[EventDate "2016.07.02"]

1. Nf3 Nf6 2. c4 b6 3. g3 Bb7 4. Bg2 c5 5. O-O e6 6. Nc3 Be7 7. d4 cxd4 8. Qxd4
O-O 9. Rd1 d6 10. b3 Nbd7 11. Ba3 Nc5 12. Qe3 a6 13. h3 Qc7 14. Rac1 Rfe8 15.
Nd4 Rac8 16. Bxb7 Qxb7 17. Qf3 Nce4 18. Nxe4 Nxe4 19. Nc2 b5 20. Ne3 f5 21. Rc2
Rf8 22. Bb2 Bg5 23. Ng2 d5 24. Nf4 Rfe8 25. Nxe6 Rxe6 26. Qxf5 Rd6 27. c5 g6 28.
Qf3 Nxc5 29. h4 Be7 30. Qg4 h5 31. Qf4 d4 32. Rxd4 Rf6 33. Qe3 Rcf8 34. Rf4 Rxf4
35. gxf4 Qe4 36. Qxe4 Nxe4 37. Rc6 Kf7 38. f3 Ng3 39. e4 Ne2+ 40. Kf2 Nxf4 41.
Kg3 Nd3 42. Bc3 Nc1 43. Bb2 Nd3 44. Bc3 Ra8 45. Rc7 Ke6 46. e5 b4 47. Ba1 a5 48.
Rc6+ Kf5 49. Rc7 Re8 50. Ra7 g5 51. hxg5 Bxg5 52. Rxa5 h4+ 53. Kg2 Nf4+ 54. Kf2
h3 55. e6+ Kg6 56. Kg3 Bh4+ 57. Kh2 Rd8 0-1

[Event "Chengdu WGP 2016"]
[Site "Chengdu CHN"]
[Date "2016.07.05"]
[Round "4.4"]
[White "Koneru, Humpy"]
[Black "Tan, Zhongyi"]
[Result "1-0"]
[WhiteTitle "GM"]
[BlackTitle "WGM"]
[WhiteElo "2575"]
[BlackElo "2495"]
[WhiteFideId "5008123"]
[BlackFideId "8603642"]
[EventDate "2016.07.02"]

1. d4 d5 2. c4 e6 3. Nc3 Bb4 4. e3 Nf6 5. a3 Bxc3+ 6. bxc3 c6 7. a4 O-O 8. Ba3
Re8 9. cxd5 cxd5 10. Nf3 Nc6 11. Bd3 e5 12. dxe5 Nxe5 13. Nxe5 Rxe5 14. O-O Qc7
15. c4 Rh5 16. f4 dxc4 17. Bxc4 Qb6 18. Qd2 Ne4 19. Qd4 Qxd4 20. exd4 Bd7 21.
Rfe1 Re8 22. d5 Rh6 23. a5 Rf6 24. g3 h5 25. Bd3 Nd6 26. Rxe8+ Bxe8 27. Rc1 Bb5
28. Bb1 Bd7 29. Rc7 Bg4 30. h4 Bf5 31. Bxd6 Bxb1 32. Bb4 Rf5 33. d6 Rd5 34. d7 1-0

[Event "Chengdu WGP 2016"]
[Site "Chengdu CHN"]
[Date "2016.07.05"]
[Round "4.6"]
[White "Muzychuk, Mariya"]
[Black "Harika, Dronavalli"]
[Result "1/2-1/2"]
[WhiteTitle "GM"]
[BlackTitle "GM"]
[WhiteElo "2545"]
[BlackElo "2526"]
[WhiteFideId "14114550"]
[BlackFideId "5015197"]
[EventDate "2016.07.02"]

1. e4 c5 2. Nf3 Nc6 3. d4 cxd4 4. Nxd4 Nf6 5. Nc3 e5 6. Ndb5 d6 7. Bg5 a6 8. Na3
b5 9. Nd5 Be7 10. Bxf6 Bxf6 11. c4 b4 12. Nc2 O-O 13. g3 a5 14. h4 a4 15. b3 Be6
16. Nxf6+ Qxf6 17. Bg2 Qd8 18. O-O Qb6 19. Qd3 Qc5 20. Rfd1 Rfd8 21. Rd2 axb3
22. axb3 Rxa1+ 23. Nxa1 Qd4 24. Nc2 Qxd3 25. Rxd3 Kf8 26. Rd1 Na5 27. Nxb4 Rb8
28. Nc2 Rxb3 29. Rxd6 Nxc4 30. Rd1 Rb2 31. Ne1 f6 1/2-1/2

[Event "Chengdu WGP 2016"]
[Site "Chengdu CHN"]
[Date "2016.07.07"]
[Round "5.2"]
[White "Girya, Olga"]
[Black "Khotenashvili, Bela"]
[Result "1-0"]
[WhiteTitle "WGM"]
[BlackTitle "GM"]
[WhiteElo "2444"]
[BlackElo "2454"]
[WhiteFideId "4195752"]
[BlackFideId "13602640"]
[EventDate "2016.07.02"]

1. d4 d5 2. c4 e6 3. Nc3 Be7 4. Bf4 Nf6 5. e3 O-O 6. Rc1 b6 7. cxd5 Nxd5 8. Nxd5
Qxd5 9. a3 Qa5+ 10. Qd2 Qxd2+ 11. Kxd2 c5 12. Nf3 Bb7 13. dxc5 Rd8+ 14. Bd3 Bxc5
15. Ke2 Nc6 16. b4 Be7 17. Rc2 f6 18. Bb5 e5 19. Bxc6 Bxc6 20. Rxc6 exf4 21. Nd4
fxe3 22. fxe3 Rd7 23. Rhc1 Bd6 24. Rc8+ Rxc8 25. Rxc8+ Kf7 26. h3 a5 27. bxa5
bxa5 28. Nb5 Be7 29. Ra8 Rd5 30. a4 Bb4 31. Ra7+ Kg6 32. Nd4 f5 33. Kf3 Kf6 34.
Rb7 h6 35. Rb6+ Rd6 36. Rb5 g6 37. g4 Bc3 38. Ne2 fxg4+ 39. hxg4 Bd2 40. Ng3 Kf7
41. Ne4 Rd7 42. Nxd2 Rxd2 43. Rxa5 Kf6 44. Ra8 Kg5 45. a5 Rd1 46. a6 Rf1+ 47.
Ke4 Rf7 48. Kd5 Kxg4 49. e4 h5 50. e5 h4 51. e6 Rh7 52. Kd6 h3 53. e7 h2 54.
e8=Q h1=Q 55. Qxg6+ Kf3 56. Qd3+ 1-0

[Event "Chengdu WGP 2016"]
[Site "Chengdu CHN"]
[Date "2016.07.07"]
[Round "5.4"]
[White "Zhao, Xue"]
[Black "Muzychuk, Mariya"]
[Result "1/2-1/2"]
[WhiteTitle "GM"]
[BlackTitle "GM"]
[WhiteElo "2510"]
[BlackElo "2545"]
[WhiteFideId "8601283"]
[BlackFideId "14114550"]
[EventDate "2016.07.02"]

1. d4 d5 2. c4 c6 3. Nf3 Nf6 4. Nc3 e6 5. Bg5 h6 6. Bxf6 Qxf6 7. Qb3 Nd7 8. e4
dxe4 9. Nxe4 Qf4 10. Bd3 e5 11. O-O exd4 12. Nxd4 Nc5 13. Nxc5 Qxd4 14. Rae1+
Be7 15. Na4 Qd8 16. h4 O-O 17. h5 Rb8 18. c5 b5 19. cxb6 axb6 20. Qc4 Bg5 21.
Rd1 Qc7 22. Bc2 Bf5 23. Bxf5 b5 24. Qc5 bxa4 25. Bc2 Qc8 26. Qd4 Qe6 27. Qd3 f5
28. Bxa4 Qxa2 29. b3 Kh8 30. Qc4 f4 31. Rfe1 f3 32. g3 Bd8 33. Qc3 Bf6 34. Qc5
Qb2 35. Rd3 Rfd8 36. Rxd8+ Rxd8 37. Qxc6 Qe2 38. Qc1 Bg5 39. Qb1 Be3 40. Rxe2
fxe2 41. Qe1 Rd1 42. fxe3 Rxe1+ 43. Kf2 Rh1 44. Kxe2 Rxh5 45. b4 Rg5 46. Kf3 Kg8
47. b5 Rg6 48. e4 Kf7 49. Bb3+ Ke7 50. e5 h5 51. Bd5 Rg5 52. b6 Rxe5 53. b7 Rf5+
54. Ke4 Rf8 55. Ke5 Kd7 56. Bf7 Kc7 57. Bxh5 Kxb7 58. Ke6 Rf6+ 59. Ke7 Kc6 60.
Bf7 Kc5 61. g4 Kd4 62. g5 Rf5 63. Bg6 Rxg5 64. Kf7 Ke5 65. Kxg7 Ke6 66. Kh7 Kf6
67. Bc2 Rg3 68. Kh8 Kf7 69. Bb1 Rg2 70. Bd3 Rb2 71. Bc4+ Kf6 72. Bg8 Kg6 73.
Bh7+ Kh6 74. Bg8 Rb7 75. Bd5 Rh7+ 76. Kg8 Rd7 77. Be6 Re7 78. Bc4 Kg6 79. Bd3+
Kf6 80. Bb1 Rc7 81. Kh8 Rc1 82. Be4 Rd1 83. Bc2 Rd2 84. Bh7 Kf7 85. Bg8+ Kf8 86.
Bh7 Rb2 87. Bg8 Rb8 88. Bc4 Rb4 89. Bg8 Rg4 90. Bh7 1/2-1/2

[Event "Chengdu WGP 2016"]
[Site "Chengdu CHN"]
[Date "2016.07.07"]
[Round "5.1"]
[White "Javakhishvili, Lela"]
[Black "Koneru, Humpy"]
[Result "1/2-1/2"]
[WhiteTitle "IM"]
[BlackTitle "GM"]
[WhiteElo "2487"]
[BlackElo "2575"]
[WhiteFideId "13601458"]
[BlackFideId "5008123"]
[EventDate "2016.07.02"]

1. d4 d5 2. c4 e6 3. Nf3 Nf6 4. Nc3 Be7 5. Bg5 h6 6. Bh4 O-O 7. e3 b6 8. g4 Nbd7
9. Rg1 Bb7 10. g5 Ne4 11. cxd5 exd5 12. Bh3 Nxg5 13. Nxg5 hxg5 14. Qh5 g6 15.
Qh6 Re8 16. Bxg5 Bxg5 17. Rxg5 Nf8 18. O-O-O Qf6 19. Rg3 c5 20. Qg5 Qxg5 21.
Rxg5 Nh7 22. Re5 cxd4 23. Rxe8+ Rxe8 24. Rxd4 Re5 25. Bg4 Nf6 26. h3 Kf8 27. Ra4
a5 28. Rd4 Bc6 29. b4 Ke7 30. bxa5 bxa5 31. Kd2 1/2-1/2

[Event "Chengdu WGP 2016"]
[Site "Chengdu CHN"]
[Date "2016.07.07"]
[Round "5.6"]
[White "Harika, Dronavalli"]
[Black "Cramling, Pia"]
[Result "1/2-1/2"]
[WhiteTitle "GM"]
[BlackTitle "GM"]
[WhiteElo "2526"]
[BlackElo "2463"]
[WhiteFideId "5015197"]
[BlackFideId "1700030"]
[EventDate "2016.07.02"]

1. c4 c5 2. Nf3 Nf6 3. Nc3 e6 4. g3 b6 5. Bg2 Bb7 6. O-O Be7 7. d4 cxd4 8. Qxd4
d6 9. Bg5 a6 10. Bxf6 Bxf6 11. Qf4 O-O 12. Rad1 Be7 13. Ne4 Bxe4 14. Qxe4 Ra7
15. Nd4 Qc8 16. b3 Re8 17. Qd3 Bf8 18. e4 Nd7 19. h3 Rc7 20. Kh2 g6 21. f4 Nc5
22. Qf3 Bg7 23. Nc2 b5 24. Ne3 bxc4 25. Nxc4 Nxe4 26. Qxe4 d5 27. Nd6 dxe4 28.
Nxc8 Rcxc8 29. Bxe4 Red8 30. Kg2 a5 31. Rxd8+ 1/2-1/2

[Event "Chengdu WGP 2016"]
[Site "Chengdu CHN"]
[Date "2016.07.08"]
[Round "6.3"]
[White "Muzychuk, Mariya"]
[Black "Cramling, Pia"]
[Result "1-0"]
[WhiteTitle "GM"]
[BlackTitle "GM"]
[WhiteElo "2545"]
[BlackElo "2463"]
[WhiteFideId "14114550"]
[BlackFideId "1700030"]
[EventDate "2016.07.02"]

1. e4 e5 2. Nf3 Nc6 3. Bc4 Bc5 4. c3 Nf6 5. d3 a6 6. a4 Ba7 7. O-O d6 8. Bg5 h6
9. Bh4 g5 10. Bg3 O-O 11. Na3 Kg7 12. Nc2 Be6 13. Ba2 b5 14. Ne3 Ne7 15. Bb1
Bxe3 16. fxe3 Nd7 17. d4 f6 18. Bd3 c6 19. Nd2 Bf7 20. b4 Qc7 21. c4 bxa4 22. c5
a5 23. cxd6 Qxd6 24. bxa5 Rxa5 25. Rxa4 Rxa4 26. Qxa4 c5 27. Bb5 Rd8 28. Qa5 Qb6
29. Qxb6 Nxb6 30. dxe5 Rxd2 31. exf6+ Kf8 32. fxe7+ Kxe7 33. Rc1 Nd7 34. Bxd7
Rxd7 35. Rxc5 Rd1+ 36. Kf2 Bg6 37. h4 Rd2+ 38. Kg1 Kf6 39. hxg5+ hxg5 40. Rc6+
Kf7 41. Rc4 Rd3 42. e5 Bf5 43. Kf2 Be6 44. Rc7+ Rd7 45. Rc2 Kg6 46. Rc6 Kf7 47.
Ke2 Bg4+ 48. Kf1 Be6 49. Be1 Rd5 50. Bc3 Rd8 51. Bd4 Rc8 52. Rd6 Rc2 53. Kg1 Ke7
54. Bb6 Rc8 55. Kf2 Rf8+ 56. Kg3 Rc8 57. Ba5 Rc4 58. Bd8+ Kf7 59. Bf6 g4 60. Bg5
Rc2 61. Rd4 Kg6 62. Bf4 Kf7 63. Rb4 Bd5 64. e4 Bc6 65. Bg5 Ke6 66. Bf6 Re2 67.
Rb6 Rc2 68. Kf4 Kf7 69. g3 Bd7 70. Rb7 Ke6 71. Kxg4 Rc4 72. Kf3 Rc3+ 73. Kf4 Rd3
74. g4 Rd1 75. g5 Rg1 76. Rb6+ Kf7 77. e6+ Bxe6 78. Rb7+ Kf8 79. Ke5 Ba2 80. Kf5
Rf1+ 81. Kg6 Ke8 82. Re7+ 1-0